Sports Quiz

Random Sports or Tennis Quiz

World #1 Without a Grand Slam Title Quiz Stats

 Plays Quiz not verified by Sporcle

Score 0/9 Timer 05:00
0 Plays Today
Player % Correct
Caroline Wozniacki
89.8%
Simona Halep
75.5%
Marcelo Ríos
75.3%
Jelena Janković
74.7%
Dinara Safina
74.1%
Karolína Plíšková
69%
Kim Clijsters
43.5%
Amélie Mauresmo
41.8%
Ivan Lendl
35.2%

You're not logged in!

Compare scores with friends on all Sporcle quizzes.
OR
Log In

Sporcle TV

Today on Sporcle TV


Watch our educational content, quiz creation guides, and fun videos on Sporcle TV.

Show Comments

Extras

Top Quizzes Today


Score Distribution

Your Account Isn't Verified!

In order to create a playlist on Sporcle, you need to verify the email address you used during registration. Go to your Sporcle Settings to finish the process.

Report this User

Report this user for behavior that violates our Community Guidelines.

Details: